000 00575cam a2200193 4500
001 D2624
008 090401t1971 xxu||||| |||| 00| 0 eng d
035 _a(Sirsi) u69994
041 _aeng
050 _a333.0071096
110 _aCommonwealth Association of Surveying and Land Economy
_92570
245 _aSeminar on surveying education in Africa, organised by CASLE at the University of Nairobi, 14-15 January 1971
260 _aLondon
_bCASLE
_c1971
300 _a64p. 30cm
350 _a1.5
520 _aShelved at F333.0071096
942 _n0
948 _c04/03/1997
999 _c95264
_d95264